00351    a2200133   4500020001600000040000800016082000800024100001300032245005500045260004500100300003500145500001900180650001800199  a 0028226038  aDLC  a510  a Glencoe  aMathematics Applications And Connectionsh Glencoe  aCalifornia:bGlencoe/Mcgraw-Hill,c1993.  a iv, 117 p. :b ill. ;c27 cm.  aIncludes Index  a Mathematics.